00233 a2200097 4500000002500000020001800025100001700043245005300060260001400113264000800127 nam a22 7a 4500 a9780367268763 aYallup,Kevin aTechnologies for smart sensors and sensor fusion bCRCc2019 bCRC